| 000 | 00468nam a2200193Ia 4500 | ||
|---|---|---|---|
| 003 | 0100 | ||
| 008 | 130227s9999 xx 000 0 und d | ||
| 040 | _cARRUPELIB | ||
| 050 | _aBX3704.E5M294 1999 | ||
| 100 | _aJesuits | ||
| 245 | _aManual for juridical practice of the Society of Jesus | ||
| 260 | _aAnand | ||
| 260 | _bGujarat Sahitya Prakash | ||
| 260 | _C1999 | ||
| 300 | _axv | ||
| 300 | _b 279p 19cm | ||
| 700 | _aMoell, Carl J. (tr) | ||
| 942 |
_2lcc _02 |
||
| 999 |
_c4823 _d4823 |
||